| 000 | 00543nam a2200217Ia 4500 | ||
|---|---|---|---|
| 003 | OSt | ||
| 005 | 20250728163119.0 | ||
| 008 | 210210b1964 xxu||||| |||| 00| 0 eng d | ||
| 040 | _cAL | ||
| 041 | _aeng | ||
| 082 | _a512.02 PALF | ||
| 100 |
_aHiram Paley _9220546 |
||
| 245 | _aFirst course in abstract algebra | ||
| 260 |
_aNY _bHolt, Rinehart & Winston _c1964 |
||
| 300 | _axiii,334p | ||
| 650 |
_aAbstract algebra _9220547 |
||
| 690 |
_aAlgebra _9220548 |
||
| 700 |
_aWeitchsel, Paul M _9220549 |
||
| 906 | _a037170 | ||
| 942 |
_2ddc _cBK |
||
| 999 |
_c87606 _d87606 |
||